000 00551nam a2200217Ia 4500
003 OSt
005 20220928151102.0
006 a|||||r|||| 00| 0
007 ta
008 220927b |||||||| |||| 00| 0 eng d
024 _a112384
037 _cTextual
040 _aSDCL
_cSDCL
_beng
041 _2eng
_aeng
082 _aO-,3N47,2, N0
100 _aRushdie Salman Au.
_9516447
245 0 _aHaroun and the sea of stories
260 _c1990
942 _hO-,3N47,2, N0
_cTEXL
_2CC
999 _c848973
_d848973